D. Johann Anton Güldenstädt Russisch-Kayserl. Akademikers und Professors der Naturgeschichte auch der Churfürstl. Maynzischen und der Berlin, Naturforschenden, wie auch der St. Petersburgischen ökonomischen Gesellschaft Mitgliedes, Reisen durch Russland und im Caucasischen Gebürge // D. Johann Anton Güldenstädt Russisch-Kayserl. Akademikers und Professors der Naturgeschichte auch der Churfürstl. Maynzischen und der Berlin, Naturforschenden, wie auch der St. Petersburgischen ökonomischen Gesellschaft Mitgliedes, Reisen durch Russland und im Caucasischen Gebürge. - [Th.1] (Запись № 10374581)

Подробности
000 -МАРКЕР
контрольное поле 02101nam1a22003371 4500
001 - ИДЕНТИФИКАТОР ЗАПИСИ
контрольное поле RU\NLR\A2\4783
005 - ИДЕНТИФИКАТОР ВЕРСИИ
контрольное поле 20251214183047.0
035 ## - ДРУГИЕ СИСТЕМНЫЕ НОМЕРА
Идентификатор записи (NLR Aleph) 009858303
100 ## - ДАННЫЕ ОБЩЕЙ ОБРАБОТКИ
Данные общей обработки 20251214 rusy50
101 0# - ЯЗЫК РЕСУРСА
Язык текста, звукозаписи и т.д. немецкий
102 ## - СТРАНА ПУБЛИКАЦИИ ИЛИ ПРОИЗВОДСТВА
Страна публикации российская федерация
200 1# - ЗАГЛАВИЕ И СВЕДЕНИЯ ОБ ОТВЕТСТВЕННОСТИ
Основное заглавие D. Johann Anton Güldenstädt Russisch-Kayserl. Akademikers und Professors der Naturgeschichte auch der Churfürstl. Maynzischen und der Berlin, Naturforschenden, wie auch der St. Petersburgischen ökonomischen Gesellschaft Mitgliedes, Reisen durch Russland und im Caucasischen Gebürge
Первые сведения об ответственности Auf Befehl der Russisch-Kayserlichen Akademie der Wissenschafften herausgegeben von P.S. Pallas ...
210 ## - ПУБЛИКАЦИЯ, РАСПРОСТРАНЕНИЕ И ДР.
Место издания, распространения и т.д. St. Petersburg [St.- Peterburg]
Имя издателя, распространителя и т. д. Bey der Kayserl. Akademie der Wissenschaften
Дата издания, распространения и т.д. 1787-1791
215 ## - ФИЗИЧЕСКАЯ ХАРАКТЕРИСТИКА
Размеры
321 1# - ПРИМЕЧАНИЯ ОБ ОТДЕЛЬНО ИЗДАННЫХ УКАЗАТЕЛЯХ / РЕФЕРАТАХ / ССЫЛКАХ, ОТРАЖАЮЩИХ КАТАЛОГИЗИРУЕМЫЙ ДОКУМЕНТ
Примечания об указателях, рефератах, ссылках СК XVIII(ин.) 1201
463 #0 - УРОВЕНЬ ФИЗИЧЕСКОЙ ЕДИНИЦЫ
Встроенное поле 001RU\NLR\A2\4784
Системный номер (АБИС) связанной записи 13487920
Дата публикации 1787
Физическая характеристика XXIV, 511 с., [14] л. ил., карт
Заглавие D. Johann Anton Güldenstädt Russisch-Kayserl. Akademikers und Professors der Naturgeschichte auch der Churfürstl. Maynzischen und der Berlin, Naturforschenden, wie auch der St. Petersburgischen ökonomischen Gesellschaft Mitgliedes, Reisen durch Russland und im Caucasischen Gebürge. - [Th.1]
463 #0 - УРОВЕНЬ ФИЗИЧЕСКОЙ ЕДИНИЦЫ
Встроенное поле 001RU\NLR\A2\4785
Системный номер (АБИС) связанной записи 13487921
Дата публикации 1791
Физическая характеристика [2], 552 с., [14] л. ил.
Заглавие D. Johann Anton Güldenstädt Russisch-Kayserl. Akademikers und Professors der Naturgeschichte auch der Churfürstl. Maynzischen und der Berlin, Naturforschenden, wie auch der St. Petersburgischen ökonomischen Gesellschaft Mitgliedes, Reisen durch Russland und im Caucasischen Gebürge. - Th.2
517 1# - ДРУГИЕ ВАРИАНТЫ ЗАГЛАВИЯ
Вариант заглавия Reisen durch Russland und im Caucasischen Gebürge ...
620 ## - МЕСТО И ДАТА ПУБЛИКАЦИИ, ИСПОЛНЕНИЯ И Т. Д.
Город St.- Peterburg
700 #1 - ИМЯ ЛИЦА - ПЕРВИЧНАЯ ОТВЕТСТВЕННОСТЬ
Начальный элемент ввода Güldenstädt
Часть имени, кроме начального элемента ввода J.A.
Даты 1745-1781
Расширение инициалов личного имени Johann Anton
Код отношения Автор
702 #1 - ИМЯ ЛИЦА - ВТОРИЧНАЯ ОТВЕТСТВЕННОСТЬ
Начальный элемент ввода Pallas
Часть имени, кроме начального элемента ввода P.S.
Даты 1741-1811
Расширение инициалов личного имени Peter Simon
Код отношения Редактор
712 02 - НАИМЕНОВАНИЕ ОРГАНИЗАЦИИ - ВТОРИЧНАЯ ОТВЕТСТВЕННОСТЬ
Начальный элемент ввода Akademie der Wissenschaften
Идентифицирующий признак Petersburg
Структурное подразделение Druckerei
Код отношения Печатник (типограф)
801 #0 - ИСТОЧНИК ЗАПИСИ
Страна российская федерация
Организация NLR
Дата составления 19970228
852 ## - МЕСТОНАХОЖДЕНИЕ И ШИФР ХРАНЕНИЯ
Идентификатор организации NLR
Наименование фонда или коллекции (Sub-Location Identifier) Rossica
Шифр хранения (Call Number) 13.3.4.84
852 ## - МЕСТОНАХОЖДЕНИЕ И ШИФР ХРАНЕНИЯ
Идентификатор организации NLR
Наименование фонда или коллекции (Sub-Location Identifier) Rossica
Шифр хранения (Call Number) 13.6.3.42
942 ## - ДОПОЛНИТЕЛЬНЫЕ ЭЛЕМЕНТЫ ЗАПИСИ (АБИС)
Тип экземпляра АБИС Книга
980 ## - КОЛЛЕКЦИЯ
Название коллекции Национальная библиография
980 ## - КОЛЛЕКЦИЯ
Название коллекции Россика
980 ## - КОЛЛЕКЦИЯ
Название коллекции Книги XVIII века на западноевропейских языках, изданные в России

Нет доступных экземпляров.